Statystyki dla Europejskie państwa z literą "O"

Kliknij tutaj aby rozwiązać quiz!

Ogólne statystyki

  • Ten quiz został rozwiązany 976 razy
    (959 od ostatniego zresetowania)
  • Średni wynik to 17 z 20

Statystyki odpowiedzi

Państwo% Poprawnych
Polska
100%
Rosja
96%
Portugalia
95%
Słowacja
94%
Norwegia
93%
Słowenia
92%
Włochy
90%
Chorwacja
89%
Holandia
89%
Łotwa
89%
Andora
87%
Białoruś
86%
Monako
84%
Bośnia i Hercegowina
83%
Estonia
82%
Kosowo
81%
Mołdawia
81%
San Marino
81%
Czarnogóra
78%
Macedonia Północna
78%

Rozkład punktacji

Percentyl według liczby udzielonych odpowiedzi

Procent ludzi z każdym wynikiem

Twoja historia wyników

Nie rozwiązałeś tego quizu od ostatniego zresetowania